Central Library OPAC University of Rajshahi

The nutritional and economic implications of ascaris infection in Kenya / (Record no. 28834)

MARC details
000 -LEADER
fixed length control field 01314cam a2200337 a 4500
001 - CONTROL NUMBER
control field 28834
003 - CONTROL NUMBER IDENTIFIER
rucl marc code BD-RjUL
005 - DATE AND TIME OF LATEST TRANSACTION
control field 20211209051333.0
008 - FIXED-LENGTH DATA ELEMENTS--GENERAL INFORMATION
fixed length control field 840813s1977 dcu b i000 0 eng
035 ## - SYSTEM CONTROL NUMBER
System control number (BD-RjUL)28918
040 ## - CATALOGING SOURCE
Original cataloging agency DLC
Transcribing agency DLC
Modifying agency DLC
-- BD-RjU
Language of cataloging eng
041 ## - LANGUAGE CODE
Language code of text/sound track or separate title eng
082 00 - DEWEY DECIMAL CLASSIFICATION NUMBER
Classification number 362.198929654
Edition number 19
Author mark and year LAN 1977
100 1# - MAIN ENTRY--PERSONAL NAME
Personal name Latham, L.
9 (RLIN) 88173
245 14 - TITLE STATEMENT
Title The nutritional and economic implications of ascaris infection in Kenya /
Statement of responsibility, etc. prepared by L. Latham, M. Latham, S.S. Basta.
260 ## - PUBLICATION, DISTRIBUTION, ETC. (IMPRINT)
Place of publication, distribution, etc. Washington, D.C. :
Name of publisher, distributor, etc. World Bank,
Date of publication, distribution, etc. c1977.
300 ## - PHYSICAL DESCRIPTION
Pagination [4], iii, 86 p. :
Illustrations Ill.;
Size 28 cm.
500 ## - GENERAL NOTE
General note Cover title.
General note "September 1977."
504 ## - BIBLIOGRAPHY, ETC. NOTE
Bibliography, etc Bibliography: p. 40-41.
650 #0 - SUBJECT ADDED ENTRY--TOPICAL TERM
Topical term or geographic name as entry element Ascariasis in children
General subdivision Nutritional aspects
Geographic subdivision Kenya
-- Machakos (District)
9 (RLIN) 88174
Topical term or geographic name as entry element Ascariasis in children
General subdivision Economic aspects
Geographic subdivision Kenya
-- Machakos (District)
9 (RLIN) 88175
Topical term or geographic name as entry element Helminthiasis in children
General subdivision Nutritional aspects
Geographic subdivision Kenya
-- Machakos (District)
9 (RLIN) 88176
Topical term or geographic name as entry element Helminthiasis in children
General subdivision Economic aspects
Geographic subdivision Kenya
-- Machakos (District)
9 (RLIN) 88177
700 1# - ADDED ENTRY--PERSONAL NAME
Personal name Basta, S. S.
Fuller form of name (Samir Sanaad)
Personal name Latham, M.
942 ## - ADDED ENTRY ELEMENTS (KOHA)
Source of classification or shelving scheme Dewey Decimal Classification
Koha item type Documents
Holdings
Lost status Source of classification or shelving scheme Damaged status Not for loan Collection code Permanent Location Current Location Shelving location Date acquired Source of acquisition Cost, normal purchase price Total Checkouts Full call number Date last seen Copy number Koha item type
  Dewey Decimal Classification   Added to bundle Non-fiction Central Library, University of Rajshahi Central Library, University of Rajshahi Documentation Section 27/08/1987 World Bank 0.00   DOC 362.198929654 LAN 1977 01/04/2014 C-1 Documents